[Event "Mittelrhein Verbandsliga-M 15/16"]
[Site "Nordrheinwestfalen"]
[Date "2016.03.13"]
[Round "9.1"]
[White "Pressner, Dietmar"]
[Black "Lunnebach, Oliver"]
[Result "0-1"]
[WhiteElo "1848"]
[BlackElo "2123"]
[PlyCount "104"]
[EventDate "2015.09.06"]
[EventType "team-tourn"]
[EventRounds "11"]
[EventCountry "GER"]
[SourceTitle "EXT 2022"]
[Source "ChessBase"]
[SourceDate "2021.10.06"]
[SourceVersion "1"]
[SourceVersionDate "2021.10.06"]
[SourceQuality "1"]
[WhiteTeam "Schlebusch SF"]
[BlackTeam "Kalker/Deutzer SG"]
[WhiteTeamCountry "GER"]
[BlackTeamCountry "GER"]

1. e4 c6 2. d4 d5 3. Nc3 dxe4 4. Nxe4 Nd7 5. Nf3 Ngf6 6. Ng3 e6 7. Bd3 Bd6 8. 0-0 Qc7 9. c3 0-0 10. Ne4 Nxe4 11. Bxe4 Nf6 12. Bc2 Bf4 13. Bxf4 Qxf4 14. Qd2 Qxd2 15. Nxd2 b6 16. Ne4 Nd5 17. a3 Rd8 18. Rfd1 Ba6 19. Bd3 Bxd3 20. Rxd3 Rd7 21. Rad1 Rad8 22. g3 Nc7 23. Kf1 c5 24. Ke2 cxd4 25. Rxd4 Rxd4 26. Rxd4 Rxd4 27. cxd4 Kf8 28. Nd6 Nd5 29. Kd3 a6 30. Ne4 Ke7 31. Nd2 f6 32. Ne4 g5 33. Nd2 h6 34. Ne4 h5 35. h3 h4 36. Ke2 Kf7 37. Kf3 Kg6 38. Nc3 Kf5 39. Nxd5 exd5 40. g4+ Ke6 41. Ke3 Kd6 42. Kd3 Kc6 43. a4 b5 44. b3 Kb6 45. Kc3 Ka5 46. axb5 Kxb5 47. Kc2 Kb4 48. Kb2 a5 49. Kc2 a4 50. bxa4 Kxa4 51. Kc3 Ka3 52. f3 Ka4 0-1

[Event "Leverkusen-ch 15th"]
[Site "Leverkusen"]
[Date "2003.04.28"]
[Round "9"]
[White "Pressner, Dietmar"]
[Black "Gnass, Arno"]
[Result "1-0"]
[WhiteElo "1648"]
[BlackElo "1707"]
[PlyCount "45"]
[EventDate "2003.01.06"]
[EventType "swiss"]
[EventRounds "9"]
[EventCountry "GER"]
[SourceTitle "EXT 2006"]
[Source "ChessBase"]
[SourceDate "2005.11.24"]
[SourceVersion "1"]
[SourceVersionDate "2005.11.24"]
[SourceQuality "1"]

1. e4 c5 2. Nf3 e6 3. d4 cxd4 4. Nxd4 a6 5. Nc3 Qc7 6. a3 Nc6 7. Be3 Nf6 8. Be2 g6 9. Qd2 Bg7 10. 0-0-0 b5 11. Nxc6 dxc6 12. Bc5 Nd7 13. Bd6 Qa5 14. Kb1 c5 15. e5 Bxe5 16. Bxe5 Nxe5 17. Qd6 Nd7 18. Bf3 Ra7 19. Bc6 b4 20. Ne4 Qd8 21. axb4 cxb4 22. Qxb4 a5 23. Qd4 1-0

[Event "Leverkusen-ch 15th"]
[Site "Leverkusen"]
[Date "2003.04.14"]
[Round "8"]
[White "Seelig, Jochen"]
[Black "Pressner, Dietmar"]
[Result "0-1"]
[WhiteElo "1257"]
[BlackElo "1648"]
[PlyCount "86"]
[EventDate "2003.01.06"]
[EventType "swiss"]
[EventRounds "9"]
[EventCountry "GER"]
[SourceTitle "EXT 2006"]
[Source "ChessBase"]
[SourceDate "2005.11.24"]
[SourceVersion "1"]
[SourceVersionDate "2005.11.24"]
[SourceQuality "1"]

1. Nf3 Nf6 2. b3 g6 3. Bb2 Bg7 4. g4 0-0 5. g5 Nd5 6. Bxg7 Kxg7 7. c4 Nb6 8. h4 d6 9. Bh3 e5 10. Nc3 Bxh3 11. Rxh3 Nc6 12. e3 f5 13. gxf6+ Qxf6 14. Ne4 Qf5 15. Nfg5 h6 16. Rf3 Qd7 17. Nh3 Nb4 18. Rg3 Qf5 19. d3 c6 20. Nxd6 Qe6 21. c5 N6d5 22. a3 Na6 23. b4 b6 24. d4 Kh7 25. Qg4 Qxg4 26. Rxg4 Rad8 27. Kd2 Rf3 28. Rag1 Rg8 29. R4g3 Rxg3 30. Rxg3 Rf8 31. Kd3 exd4 32. Kxd4 bxc5+ 33. bxc5 Nac7 34. e4 Nf4 35. Nxf4 Rxf4 36. h5 g5 37. Ke3 Ne6 38. Nc8 Nxc5 39. f3 Rf7 40. Kd4 Ne6+ 41. Ke5 Nf4 42. Kd6 c5 43. Kxc5 Rc7+ 0-1

[Event "Leverkusen-ch 15th"]
[Site "Leverkusen"]
[Date "2003.03.17"]
[Round "6"]
[White "Pressner, Dietmar"]
[Black "Buettner, Ulrich"]
[Result "1/2-1/2"]
[WhiteElo "1648"]
[BlackElo "1842"]
[PlyCount "31"]
[EventDate "2003.01.06"]
[EventType "swiss"]
[EventRounds "9"]
[EventCountry "GER"]
[SourceTitle "EXT 2006"]
[Source "ChessBase"]
[SourceDate "2005.11.24"]
[SourceVersion "1"]
[SourceVersionDate "2005.11.24"]
[SourceQuality "1"]

1. e4 e5 2. Nf3 Nf6 3. Nxe5 d6 4. Nf3 Nxe4 5. d4 d5 6. Bd3 Bd6 7. 0-0 0-0 8. Nc3 Nf6 9. Bg5 c6 10. Qd2 Re8 11. Rfe1 Rxe1+ 12. Rxe1 Nbd7 13. Ne5 Nf8 14. Qf4 Ng6 15. Qf3 Nf8 16. Qf4 1/2-1/2

[Event "Leverkusen-ch 15th"]
[Site "Leverkusen"]
[Date "2003.02.17"]
[Round "4"]
[White "Pressner, Dietmar"]
[Black "Kuhnert, Klaus"]
[Result "1/2-1/2"]
[WhiteElo "1648"]
[BlackElo "1467"]
[PlyCount "66"]
[EventDate "2003.01.06"]
[EventType "swiss"]
[EventRounds "9"]
[EventCountry "GER"]
[SourceTitle "EXT 2006"]
[Source "ChessBase"]
[SourceDate "2005.11.24"]
[SourceVersion "1"]
[SourceVersionDate "2005.11.24"]
[SourceQuality "1"]

1. e4 e6 2. d4 b6 3. c4 Bb7 4. Bd3 d5 5. cxd5 exd5 6. e5 Nc6 7. Nf3 Nb4 8. 0-0 Nxd3 9. Qxd3 Ne7 10. Nc3 Ng6 11. Ng5 Qd7 12. f4 h6 13. Nf3 Be7 14. f5 Nh4 15. Nxh4 Bxh4 16. Bf4 0-0-0 17. Rfc1 Bg5 18. Bg3 Bxc1 19. Rxc1 Kb8 20. Nb5 Ba6 21. a4 Rc8 22. e6 fxe6 23. Qe3 Bxb5 24. fxe6 Qe7 25. axb5 Rhe8 26. Rc6 Kb7 27. Qb3 Qg5 28. Be5 Re7 29. h3 Rd8 30. Qa4 Ra8 31. Qa6+ Kb8 32. Qa2 Qe3+ 33. Kh2 Qe4 1/2-1/2

[Event "Leverkusen-ch 15th"]
[Site "Leverkusen"]
[Date "2003.01.06"]
[Round "1"]
[White "Peschel, Andreas"]
[Black "Pressner, Dietmar"]
[Result "1-0"]
[WhiteElo "2115"]
[BlackElo "1648"]
[PlyCount "63"]
[EventDate "2003.01.06"]
[EventType "swiss"]
[EventRounds "9"]
[EventCountry "GER"]
[SourceTitle "EXT 2006"]
[Source "ChessBase"]
[SourceDate "2005.11.24"]
[SourceVersion "1"]
[SourceVersionDate "2005.11.24"]
[SourceQuality "1"]

1. d4 Nf6 2. c4 g6 3. Nc3 d5 4. cxd5 Nxd5 5. e4 Nxc3 6. bxc3 c5 7. Bc4 Bg7 8. Be3 0-0 9. Ne2 Nd7 10. Rc1 Qc7 11. Qd2 e5 12. d5 a6 13. h4 b5 14. Bd3 Nf6 15. f3 h5 16. c4 b4 17. Kf2 Bd7 18. Bh6 Rac8 19. Rcg1 Kh7 20. Bxg7 Kxg7 21. g4 Rh8 22. Ng3 Rcg8 23. Qg5 hxg4 24. h5 Rh6 25. Nf5+ Bxf5 26. exf5 Rxh5 27. Rxh5 Nxh5 28. fxg6 Nf4 29. Qxg4 Nxd3+ 30. Ke3 f5 31. Qxf5 Nf4 32. d6 1-0